La iniciativa para las Américas- el Plan Bush: un intercambio de impresiones entre la Sra Sylvia Saborío, funcionaria del overseas development council en Washington D.C. y participantes en San José, Santiago y Santo Domingo /
Salvato in:
| Autore principale: | |
|---|---|
| Ente Autore: | |
| Altri autori: | |
| Natura: | testo |
| Pubblicazione: |
San José:
SICEEU
|
| Tags: |
Aggiungi Tag
Nessun Tag, puoi essere il primo ad aggiungerne!!
|
MARC
| LEADER | 00000 a a2200000 04500 | ||
|---|---|---|---|
| 001 | 23558 | ||
| 003 | |||
| 040 | |||
| 090 | |a 164800 | ||
| 100 | |a Noguera, Anancy | ||
| 110 | |a Servicio informativo y cultural, embajada de Estados Unidos | ||
| 245 | |a La iniciativa para las Américas- el Plan Bush: un intercambio de impresiones entre la Sra Sylvia Saborío, funcionaria del overseas development council en Washington D.C. y participantes en San José, Santiago y Santo Domingo / |c Anancy Noguera | ||
| 260 | |a San José: |b SICEEU | ||
| 300 | |a s.p. | ||
| 700 | |a Muñoz, Miguel |a Murillo, Wilmer | ||
| 999 | |c 1567 |d 1567 | ||
